000 00287nam a2200121Ia 4500
008 190216s9999||||xx |||||||||||||| ||und||
100 _aAbdulla T
245 0 _aBanking Theory And Practice Vol1
260 _bLongman &green &co
_c1980
300 _a186p
650 _aCommerce
942 _cBK
999 _c5146
_d5146